000 00261nam a22001337a 4500
082 _a920
_bGUR/B
100 _aGUEVARA, CHE
245 _aBOLIVIAN THEORY
260 _aCALICUT
_bBOOK GALARY
300 _a239
520 _aNOVEL
650 _aNOVEL
942 _cBK
999 _c5380
_d5380